| 000 | 00964nam a2200277Ia 4500 | ||
|---|---|---|---|
| 003 | OSt | ||
| 005 | 20220918171115.0 | ||
| 006 | a|||||r|||| 00| 0 | ||
| 007 | ta | ||
| 008 | 220917b |||||||| |||| 00| 0 eng d | ||
| 020 |
_a9781138858039 (hbk) _cUKP 110.00 |
||
| 024 | _a326,622 | ||
| 037 |
_bBBS/90, 23/01/2018, Better Book Services _cTextual |
||
| 040 |
_aARTS _cARTS _beng |
||
| 041 |
_2eng _aeng |
||
| 082 | _aR4,(W), Q7 | ||
| 100 |
_aCrookston Emily M Ed. _934130 |
||
| 245 | 0 |
_aEthics in politics _b rights and obligations of individual political agents |
|
| 260 |
_aNew York _bRoutledge USA _c2017 |
||
| 300 |
_avii,369p. _ccm. |
||
| 650 |
_aETHICS; POLITICAL SCIENCE _934131 |
||
| 700 |
_a Killoren David Ed. _934132 |
||
| 700 |
_a Trerise Jonathan Ed. _934133 |
||
| 942 |
_hR4,(W), Q7 _cTEXL _2CC |
||
| 999 |
_c137887 _d137887 |
||